| 000 | 00743cam a2200253 a 4500 | ||
|---|---|---|---|
| 001 | 2124751 | ||
| 005 | 20180917040445.0 | ||
| 008 | 970418s1997 dcua b 001 0 eng c | ||
| 010 | _a 97019319 | ||
| 020 | _a0915473356 (pbk.) | ||
| 040 |
_aDNLM/DLC _cDLC _dDLC |
||
| 041 | _aeng | ||
| 060 | 1 | 0 | _aWQ 210 A512g 1997 |
| 080 | _a618.32 HAU | ||
| 082 | 0 | 0 |
_a618.32 HAU _221 |
| 100 | _a10 | ||
| 101 | _aGJIN | ||
| 245 | 0 | 0 | _aGuidelines for perinatal care. |
| 246 | 3 | 0 | _aPerinatal care |
| 504 | _aIncludes bibliographical references and index. | ||
| 906 |
_a7 _bcbc _corignew _d1 _eocip _f19 _gy-gencatlg |
||
| 942 |
_2ddc _cBK |
||
| 999 |
_c47845 _d47845 |
||